Central Library OPAC University of Rajshahi

দুর্গেশনন্দিনী / (Record no. 76279)

MARC details
000 -LEADER
fixed length control field 00904nam a2200229 a 4500
001 - CONTROL NUMBER
control field 76279
003 - CONTROL NUMBER IDENTIFIER
rucl marc code BD-RjUL
005 - DATE AND TIME OF LATEST TRANSACTION
control field 20211209082823.0
008 - FIXED-LENGTH DATA ELEMENTS--GENERAL INFORMATION
fixed length control field 191119r20182001bg 000 0bben
035 ## - SYSTEM CONTROL NUMBER
System control number (BD-RjUL)76500
040 ## - CATALOGING SOURCE
Original cataloging agency BD-RjUL
Transcribing agency BD-RjUL
Modifying agency BD-RjUL
Language of cataloging ben
041 ## - LANGUAGE CODE
Language code of text/sound track or separate title ben
082 04 - DEWEY DECIMAL CLASSIFICATION NUMBER
Edition number 23
Classification number 891.443
Author mark and year CHD 2018
100 1# - MAIN ENTRY--PERSONAL NAME
Personal name চট্টোপাধ্যায়, বঙ্কিমচন্দ্র
9 (RLIN) 116961
245 10 - TITLE STATEMENT
Title দুর্গেশনন্দিনী /
Statement of responsibility, etc. বঙ্কিমচন্দ্র চট্টোপাধ্যায়.
250 ## - EDITION STATEMENT
Edition statement ৪র্থ সং.
260 ## - PUBLICATION, DISTRIBUTION, ETC. (IMPRINT)
Place of publication, distribution, etc. ঢাকা :
Name of publisher, distributor, etc. বিশ্বসহিত| কেন্দ্র,
Date of publication, distribution, etc. ২০১৮
300 ## - PHYSICAL DESCRIPTION
Pagination ১৫৯ পৃ. ;
Size ২১ সেমি.
650 ## - SUBJECT ADDED ENTRY--TOPICAL TERM
Topical term or geographic name as entry element বাংলা সাহিত্য
Form subdivision উপন্যাস
9 (RLIN) 116625
Topical term or geographic name as entry element Bengali literature
Form subdivision Novels
9 (RLIN) 116939
942 ## - ADDED ENTRY ELEMENTS (KOHA)
Source of classification or shelving scheme Dewey Decimal Classification
Koha item type Books
Holdings
Lost status Source of classification or shelving scheme Damaged status Not for loan Collection code Permanent Location Current Location Shelving location Date acquired Source of acquisition Cost, normal purchase price Total Checkouts Full call number Date last seen Copy number Koha item type
  Dewey Decimal Classification   Not For Loan Fiction Central Library, University of Rajshahi Central Library, University of Rajshahi Reading Room 03/11/2019 Biddasagar, Rajshahi 200.00   B 891.443 CHD 2018 19/11/2019 C-1 Books